Learning about learning: (Record no. 34614)

MARC details
000 -LEADER
fixed length control field 01155cam a22002891 4500
001 - CONTROL NUMBER
control field hew66000070
003 - CONTROL NUMBER IDENTIFIER
control field DLC
005 - DATE AND TIME OF LATEST TRANSACTION
control field 20260227111515.0
008 - FIXED-LENGTH DATA ELEMENTS--GENERAL INFORMATION
fixed length control field 720329s1966 dcu f100 0 eng c
010 ## - LIBRARY OF CONGRESS CONTROL NUMBER
LC control number hew66000070
035 ## - SYSTEM CONTROL NUMBER
System control number (OCoLC)272738
040 ## - CATALOGING SOURCE
Original cataloging agency U.S. Dept. of Health, Education, and Welfare. Library
Transcribing agency ODaWU
Modifying agency OCoLC
-- ISS
-- DLC
042 ## - AUTHENTICATION CODE
Authentication code premarc
050 00 - LIBRARY OF CONGRESS CALL NUMBER
Classification number LB1051
Item number .W76 1963
082 ## - DEWEY DECIMAL CLASSIFICATION NUMBER
Classification number 153.15
086 0# - GOVERNMENT DOCUMENT CLASSIFICATION NUMBER
Classification number FS 5.212:12019
111 2# - MAIN ENTRY--MEETING NAME
Meeting name or jurisdiction name as entry element Working Conference on Research on Children's Learning
Date of meeting or treaty signing (1963 :
Location of meeting Cambridge, Mass.)
245 10 - TITLE STATEMENT
Title Learning about learning:
Remainder of title a conference report.
Statement of responsibility, etc. Edited by Jerome Bruner.
260 ## - PUBLICATION, DISTRIBUTION, ETC.
Place of publication, distribution, etc. [Washington]
Name of publisher, distributor, etc. U.S. Dept. of Health, Education, and Welfare, Office of Education;
-- [for sale by the Superintendent of Documents, U.S. Govt. Print. Off.,
Date of publication, distribution, etc. 1966]
300 ## - PHYSICAL DESCRIPTION
Extent viii, 276 p.
Dimensions 24 cm.
410 10 - SERIES STATEMENT/ADDED ENTRY--CORPORATE NAME [OBSOLETE, CAN/MARC], [LOCAL, USA]
Corporate name or jurisdiction name as entry element United States.
Subordinate unit Office of Education.
Title of a work Cooperative research monograph,
Volume number/sequential designation no. 15
500 ## - GENERAL NOTE
General note "OE-12019."
650 #0 - SUBJECT ADDED ENTRY--TOPICAL TERM
Topical term or geographic name entry element Learning, Psychology of
Form subdivision Congresses.
650 #0 - SUBJECT ADDED ENTRY--TOPICAL TERM
Topical term or geographic name entry element Education.
700 1# - ADDED ENTRY--PERSONAL NAME
Personal name Bruner, Jerome S.
Fuller form of name (Jerome Seymour),
Relator term ed.
710 1# - ADDED ENTRY--CORPORATE NAME
Corporate name or jurisdiction name as entry element United States.
Subordinate unit Office of Education.

No items available.

Powered by Koha